000 00263nam a22001097a 4500
008 160512b xxu||||| |||| 00| 0 eng d
020 _a0471267902
041 _aeng
080 _a61
245 _aFundamentals of soil sciene:
_cH.D.Foth ; L.M.Turk;
942 _2udc
_cBK
999 _c2066
_d2066